Statistics for Biggest 30 Cities in Ireland

Click here to take the quiz!

General Stats

  • This quiz has been taken 50 times
  • The average score is 11 of 30

Answer Stats

PopulationCity% Correct
3190,384Cork City
100%
11,024,027Dublin City
100%
590,054Limerick City
93%
1247,904Waterford
86%
770,686Galway City
77%
2280,138Belfast
74%
683,163Derry
74%
1633,428Dundalk
63%
2821,589Kilkenny
63%
1533,441Drogheda
49%
2324,427Ennis
44%
2622,941Tralee
37%
1436,924Swords
35%
1345,370Lisburn
33%
2224,545Navan
28%
2026,967Newry
28%
1061,011Bangor
26%
2920,713Naas
26%
1729,551Ballymena
21%
2124,634Coleraine
19%
4185,400Dun Laoghaire
14%
2523,375Antrim
12%
1927,998Carrickfergus
12%
2423,464Balbriggan
7%
1828,050Newtownards
7%
965,282Tallagh
5%
865,646Newtownabbey
2%
2722,288Sandyford
2%
1155,857Castlereagh
0%
3020,228Sligo Town
0%

Score Distribution

Percentile by Number Answered

Percent of People with Each Score

Your Score History

You have not taken this quiz